000 01140nam a2200337Ia 4500
003 OSt
005 20221007122539.0
006 a|||||r|||| 00| 0
007 ta
008 221006b |||||||| |||| 00| 0 eng d
020 _a9789048123926 (hbd)
024 _a110511
037 _b2946, 19/07/2010, New India Book Agency
_cTextbook
040 _aPAPL
_cPAPL
_beng
041 _2eng
_aeng
082 _aCM65, P9 Carpa
100 _aGignoux C
_9714542
245 0 _aSolved problems in lagrangian and hamiltonian mechanics
_b Silvestre-Brac Bernard
260 _aNew
_bYork Springer
_c2009
300 _axviii, 464p.
_ccm.
490 _aGrenable sciences
500 _aBibliography 457-460p.; Index 461-464p.
650 _a Classical electrodynamics
650 _a Complexity
_9714543
650 _a Electrodynamics physics
_9714544
650 _a Hamiltonian systems
_9714545
650 _aPhysics
700 _a Silvestre-Brac Bernard
_9714546
942 _hCM65, P9 Carpa
_cTB
_2CC
999 _c1210551
_d1210551